Waste engineering and management tools (Record no. 3670)

MARC details
000 -LEADER
fixed length control field 00411nam a22001457a 4500
008 - FIXED-LENGTH DATA ELEMENTS--GENERAL INFORMATION
fixed length control field 250525b |||||||| |||| 00| 0 eng d
020 ## - INTERNATIONAL STANDARD BOOK NUMBER
ISBN 9780360492
100 ## - MAIN ENTRY--AUTHOR
Author Aguwamba, J.C
245 ## - TITLE STATEMENT
Title Waste engineering and management tools
260 ## - PUBLICATION, DISTRIBUTION, ETC. (IMPRINT)
Place of publication Enugu
Name of publisher Immaculate publishers
Date of publication 2001
300 ## - COLLATION
Pagination xii, 578
Other physical details ill.
650 ## - TRACINGS
Main Subject engineering- management
Subdivision (1st) technology- management
942 ## - ADDED ENTRY ELEMENTS (KOHA)
Item type Books
050 ## - LIBRARY OF CONGRESS CALL NUMBER
Classification number TA190
Item number .A37
Holdings
Source of classification or shelving scheme Not for loan Permanent location Current location Date acquired Accession No. Full call number Barcode. Koha item type
Library of Congress Classification   Engineering Library Engineering Library 05/25/2025 2023-61064 TA190.A37 2025-2186 Books